Quiz sulla storia del Camerun - Statistics

Statistiche generali
  • Questo quiz è stato fatto 9 volte
  • Il punteggio medio è 8 su 12
Statistiche sulle risposte
DOMANDA RISPOSTA % Corretto
Al termine della WW1 la parte più estesa della nazione venne assegnata a questo stato Francia
100%
Numero di patrimoni Unesco presenti in Camerun 2
89%
Nazione che colonizzò il Camerun nella seconda metà del XIX secolo Germania
89%
Tra il XVIII e il XIX secolo la regioni fu conquistata dal popolo dei Fulani che professava questa religione Islam/Musulmana
89%
I primi europei a raggiungere le coste del Camerun nel 1472 provenivano da questa nazione Portogallo
89%
Dalla sua indipendenza il Camerun eccelle maggiormente in questo sport Calcio
67%
Ramo religioso maggiormente praticato Cattolicesimo
67%
Anno d'indipendenza 1960
44%
Il nome Camerun deriva dal portoghese "Camaroes" che è il nome di questo crostaceo Gambero/Gamberetto
44%
Una parte più piccola a nord andò agli inglesi e la capitale divenne una città che oggi è una delle più popolose al mondo (in Nigeria) Lagos
44%
Questa malattia diffusa tra i popoli del luogo impedì per lungo tempo la colonizzazione Malaria
44%
L'archeologia ci mostra come la regione fu abitata fin da quest'ultima epoca della Preistoria Neolitico
22%
Nessun quiz corrispondente trovato
Distribuzione punteggi
Percentuale di utenti per punteggio
Percentile per numero di risposta
I tuoi punteggi nel tempo
Non hai fatto questo quiz